| 000 | 01239cam a22002175a 4500 | ||
|---|---|---|---|
| 001 | 121179 | ||
| 008 | 170801s2019 xxk f 000 0 eng d | ||
| 020 | _a9781783213542 | ||
| 041 | 0 | _aeng | |
| 110 | _aInternational Land Measurement Standard Coalition | ||
| 240 | _aILMS | ||
| 245 | 0 | 0 |
_aInternational Land Measurement Standard _bDue diligence for land and real property surveying |
| 260 |
_aLondon, _bILMS, _c2019 |
||
| 520 | _aInternational Construction Measurement Standards (ICMS) is a land measurement standard that supports a sustainable future for people and legal entities. It is both a standard and a due diligence framework to enable evidence-based assessment of land and property. It is divided into 5 parts. Part 1 introduction, Part 2 additional context around land information system and how they link to ILMS, Parts 3 and 4 cover the components making up the due diligence framework. Part 5 glossary. | ||
| 650 | _aILMS | ||
| 651 | 4 | _aInternational | |
| 690 |
_aLand use _96251 |
||
| 690 |
_aMeasurement _96256 |
||
| 856 | 4 | 0 |
_uhttps://www.rics.org/profession-standards/rics-standards-and-guidance/sector-standards/land-standards/international-land-measurement-standard _zAvailable on RICS.org |
| 942 | _n0 | ||
| 999 |
_c121179 _d121179 |
||